10 Biggest stadiums in Europe - Statistics

General Stats
  • This quiz has been taken 236 times
  • The average score is 5 of 10
Answer Stats
Capacity Stadium % Correct
90,000 Wembley
88%
99,354 Camp Nou
87%
80,018 San Siro
58%
81,044 Santiago Bernabeu
58%
80,667 Signal Iduna Park
41%
81,338 Stade de France
37%
81,000 Luzhniki
25%
80,000 London Olympic Stadium
24%
82,000 Twickenham Stadium
22%
82,300 Croke Park
21%
No matching quizzes found
Score Distribution
Percent of People with Each Score
Percentile by Number Answered
Your Score History
You have not taken this quiz